Gyerekek - árnyékban

Elmentve itt :
Bibliográfiai részletek
Szerző: Kondorosi János
Dokumentumtípus: Cikk
Megjelent: 1969-02-13
Sorozat:Délmagyarország 59 No. 36
Kulcsszavak:Gyermekvédelem Szeged 1969, Ifjúságvédelem Szeged 1969, gyermek- és ifjúságvédelem
Online Access:http://dmarchiv.bibl.u-szeged.hu/73167
LEADER 00521nab a2200157 i 4500
001 delm73167
005 20180928082606.0
008 180928s1969 hu o 0|| hun d
040 |a SZTE Délmagyarország Archívum  |b hun 
041 |a hun 
100 1 |a Kondorosi János 
245 1 0 |a Gyerekek - árnyékban  |h [elektronikus dokumentum] /  |c  Kondorosi János 
260 |c 1969-02-13 
300 |a 5 
490 0 |a Délmagyarország  |v 59 No. 36 
695 |a Gyermekvédelem Szeged 1969, Ifjúságvédelem Szeged 1969, gyermek- és ifjúságvédelem